000 00619nam a2200181Ia 4500
008 090124s9999 xx 000 0 und d
082 _b554
_a1585
100 _aशेट्ये विश्र्वनाथ गोपाळ
245 _a अभागी सुशीला
250 _a1
260 _c1909
300 _a14+2
600 _aशेट्ये विश्र्वनाथ गोपाळ
630 _a अभागी सुशीला
700 _aशेट्ये विश्र्वनाथ गोपाळ
730 _a अभागी सुशीला
942 _cBOOK
999 _c114514
_d114514